| 000 | 00662cab a2200205 4500 | ||
|---|---|---|---|
| 001 | WB3203-41 | ||
| 008 | 090401t1996 xxu||||| |||| 00| 0 eng d | ||
| 035 | _a(Sirsi) u2161 | ||
| 041 | _aeng | ||
| 245 | _aTranslation problems | ||
| 260 | _c1996 | ||
| 350 | _a0 | ||
| 490 |
_aFinancial Times _v17 January 1996, 6(1) |
||
| 520 | _aThe agriculture minister has had to retract information given to farmers about the new rules for five-year set-aside because conditions in an EC text, once translated into English, are unacceptable. | ||
| 650 | _aFIVE-YEAR SET-ASIDE | ||
| 650 | _aSET-ASIDE | ||
| 690 | _aRURAL PRACTICE | ||
| 942 | _n0 | ||
| 948 | _c04/03/1997 | ||
| 999 |
_c1302 _d1302 |
||